Ruotsin kaupunkeja - Äkkikuolema - Statistics

Yleistilastot
  • Tätä visaa on pelattu 1 424 kertaa
  • Keskiarvotulos 15 / 23
Answers on the Grid
Answers color-coded by a green-red scale on the quiz's grid according to % correct below.
Aarhus
Arnhem
Bergen
Falun
Gävle
Göteborg
Haaparanta
Halmstad
Hannover
Helsingborg
Jönköping
Kalmar
Karlstad
Keflavik
Kiiruna
Kirkwall
Kristiansand
Kärdla
Oslo
Linköping
Lund
Luulaja
Maarianhamina
Malmö
Narvik
Odense
Roskilde
Rostock
Sundsvall
Tromssa
Trondheim
Tukholma
Uppsala
Uumaja
Viborg
Visby
Västerås
Växjö
Örebro
Östersund
 
Vastaustilastot
Vastaus % Oikein
Göteborg
87%
Malmö
79%
Haaparanta
78%
Tukholma
76%
Uppsala
75%
Jönköping
74%
Helsingborg
73%
Uumaja
70%
Luulaja
69%
Gävle
68%
Linköping
68%
Kiiruna
65%
Visby
63%
Örebro
62%
Västerås
60%
Östersund
59%
Växjö
58%
Sundsvall
56%
Karlstad
54%
Falun
53%
Kalmar
53%
Lund
50%
Halmstad
45%
Ehtoja vastaavia visoja ei löytynyt
Tulosjakauma
Jokaisen tuloksen saaneiden osuus
Persentiili vastausten määrän mukaan
Tuloshistoriasi
Et ole pelannut tätä visaa